|
|
|
|
| LEADER |
00000nab a2200000 a 4500 |
| 001 |
vtls000032216 |
| 003 |
SK-MaSNL |
| 005 |
20260304011107.0 |
| 008 |
111103c1979 xo 0 slo |
| 015 |
|
|
|a SNBRB19rr/mm-uuuuu
|
| 035 |
|
|
|a CL0042310
|
| 040 |
|
|
|a SNKBUCL
|b slo
|c SNKBUCL
|e AACR2
|
| 041 |
0 |
|
|a slo
|
| 044 |
|
|
|a xo
|c SK
|
| 080 |
|
|
|a 331
|2 1981
|
| 080 |
|
|
|a 339.923
|2 1981
|
| 080 |
|
|
|a 061.1(4-11)
|2 1981
|
| 100 |
1 |
|
|a Hubač, Miloslav,
|d 1922-
|4 aut
|9 120651
|
| 245 |
1 |
0 |
|a III. medzinárodná ergonomická konferenica členských krajín RVHP
|c Miloslav Hubač
|
| 610 |
2 |
7 |
|a Rada vzájomnej hospodárskej pomoci
|2 snkbucl
|9 33276
|
| 650 |
0 |
7 |
|a ergonómia
|2 snkbucl
|9 19132
|
| 655 |
|
7 |
|a články z novín a časopisov
|2 snkbucl
|9 267496
|
| 773 |
0 |
|
|t Syntéza
|g Roč. 17, č. 2 (1979), s. 130-132
|
| 850 |
|
|
|a Slovenská národná knižnica v Martine
|a MTA001
|
| 852 |
|
|
|a SNK
|b KIS3GCP
|
| 958 |
|
|
|a RK
|
| 992 |
|
|
|a RBX
|
| 999 |
|
|
|c 2564549
|d 2566479
|